Cairo: A Cultural History (Cityscapes) / (Record no. 616987)
[ view plain ]
| 000 -LEADER | |
|---|---|
| fixed length control field | 00379nam a22001337a 4500 |
| 020 ## - INTERNATIONAL STANDARD BOOK NUMBER | |
| Qualifying information | HB. |
| 040 ## - CATALOGING SOURCE | |
| Transcribing agency | Fizza Ishaq |
| 082 ## - DEWEY DECIMAL CLASSIFICATION NUMBER | |
| Classification number | 720.96 |
| Author Mark | AND |
| 100 ## - MAIN ENTRY--PERSONAL NAME | |
| Personal name | Beattie, Andrew. |
| 9 (RLIN) | 134058 |
| 245 ## - TITLE STATEMENT | |
| Title | Cairo: A Cultural History (Cityscapes) / |
| Statement of responsibility, etc. | Andrew Beattie. |
| 260 ## - PUBLICATION, DISTRIBUTION, ETC. | |
| Place of publication, distribution, etc. | New York : |
| Name of publisher, distributor, etc. | Oxford University Press, |
| Date of publication, distribution, etc. | 2005. |
| 300 ## - PHYSICAL DESCRIPTION | |
| Extent | 234 p, ; |
| Dimensions | 8.4 x 1 x 5.7 inches |
| 942 ## - ADDED ENTRY ELEMENTS (KOHA) | |
| Source of classification or shelving scheme | |
| Koha item type | Book |
| Withdrawn status | Lost status | Source of classification or shelving scheme | Damaged status | Not for loan | Permanent Location | Current Location | Shelving location | Date acquired | Total Checkouts | Full call number | Barcode | Date last seen | Price effective from | Koha item type |
|---|---|---|---|---|---|---|---|---|---|---|---|---|---|---|
| NUST Baluchistan Campus (NBC) | NUST Baluchistan Campus (NBC) | General Stacks | 04/13/2026 | 720.96 AND | QD-363 | 04/13/2026 | 04/13/2026 | Book |
